000 01220nam a22002297a 4500
999 _c32935
_d32935
003 OSt
005 20220826221115.0
008 150408b xxu||||| |||| 00| 0 eng d
040 _cBMC
_aBMC
082 _a658.8068
100 1 _946118
_aPortillo Servellón, Johana Beatriz
245 1 0 _aInvestigación para el aumento de las utilidades y búsqueda de expansión de Gretta's Boutique en el Municipio de San Salvador, en el período de agosto 2021 a marzo del 2022
_b: informe final
_cJohana Beatriz Portillo Servellón, Gredis Elisabeth Santos Carranza, Natalia Estefania Ramos Clavel
260 _aSanta Ana (El Salvador)
_bUniversidad Católica de El Salvador
_c2022
300 _a85 + [10] h.
_c28 cm
_e+ 1 disco compacto
500 _aPrecede al tít.: Universidad Católica de El Salvador, Facultad de Ciencias Empresariales
502 _aTrabajo de graduación para optar al grado académico de Licenciatura en Mercadeo y Negocios Internacionales
650 2 4 _98652
_aGestión de marketing
700 1 _946119
_aSantos Carranza, Gredis Elisabeth
700 1 _946120
_aRamos Clavel, Natalia Estefania
710 2 _91067
_aUniversidad Católica de El Salvador
_bFacultad de Ciencias Empresariales
942 _2ddc
_cTG